| 000 | 00877 a2200169 4500 | ||
|---|---|---|---|
| 003 | NUST | ||
| 005 | 20221228135013.0 | ||
| 082 | _a355.4,HAL | ||
| 100 |
_aHalperin, Moton H. _9106223 |
||
| 245 |
_aContemporary Military Strategy / _cMorton H. Halperin |
||
| 260 |
_aLondon _bLittle Brown _c1972 |
||
| 300 | _a156,p.; | ||
| 505 | _aThe role of force in Nuclear age (Page-3), Warfare in the Nuclear Age (Page-14), Qualities and Quantitative research Methods (Page-33), Soviet Military Strategy (Page-56), Chinese Military Strategy (Page-66), General War (Page-77), Limited War (Page-88), Deterrence and Defense in Europe (Page-100), NATO Nuclear Relations (Page-112), Deterrence and Defense in Asia (Page-122), Counter Insurgency (Page-135), Arms Control (Page-143). | ||
| 600 |
_aMorton H.Halperin _9106224 |
||
| 650 |
_aMilitary Strategy _9106225 |
||
| 942 |
_2ddc _cBK _k355.4,HAL |
||
| 999 |
_c186346 _d186346 |
||